Chico Fantástico (Registo nº 4425)
[ vista simples ]
| 000 -Etiqueta do registo | |
|---|---|
| Cabeçalho | 00674nam0a2200265 4500 |
| 005 - Identificador da versão | |
| Campo de controlo | 20240813122101.0 |
| 010 ## - Número internacional normalizado dos livros (ISBN) | |
| Número (ISBN) | 9789899679191 |
| 021 ## - Número do Depósito Legal | |
| Código do país | PT |
| Número | 335450/11 |
| 100 ## - Dados gerais de processamento | |
| Dados gerais de processamento | 20120104d2011 c y0pory5003 ba |
| 102 ## - Pais de publicação ou produção | |
| País de publicação | Portugal |
| 101 0# - Língua de publicação | |
| Língua do texto, banda sonora, etc. | Português |
| 106 ## - Campo de dados codificados: material textual | |
| Dados codificados do material textual | r |
| 105 ## - Campo de dados codificados: livros | |
| Dados codificados dos livros | a z 001yy |
| 215 ## - Descrição física | |
| Outras indicações físicas | il. |
| 200 1# - Titulo e menção de responsabilidade | |
| Título próprio | Chico Fantástico |
| Informação de outro título | Super Herói de plástico |
| Primeira menção de responsabilidade | Pedro Seromenho |
| Outras menções de responsabilidade | il. José Machado |
| 205 ## - Menção da edição | |
| Menção da edição | 1ª ed |
| 210 ## - Publicação, Distribuição, etc. | |
| Lugar da edição, distribuição, etc. | Braga |
| Nome do editor, distribuidor, etc. | Paleta de Letras |
| Data da publicação, distribuição, etc. | 2011 |
| 304 ## - Notas relativas a título e menção de responsabilidade | |
| Texto da nota | Tít. orig.: |
| 701 #1 - Nome de autor-pessoa física (co-responsabilidade principal) | |
| Palavra de ordem | Machado |
| Outra parte do nome não tomada para palavra de ordem | José |
| Código de função | Ilustrador / Técnico de desenho computorizado |
| 700 #1 - Nome de autor-pessoa física (responsabilidade principal) | |
| Número de registo de entrada de autoridade | 0001250 |
| Palavra de ordem | Seromenho |
| Outra parte do nome não tomada para palavra de ordem | Pedro |
| 966 ## - Identificação da Biblioteca | |
| Sigla | EBVendas |
| 942 ## - Elementos de entrada adicionados (Koha) | |
| Tipo de item no Koha | Livro |
| Situação do levantamento | Origin of item (home branch) (coded) | Biblioteca de empréstimo | Código de barras | Cota | Circulation type (not for loan) | Tipo de documento | Nota do exemplar | Damaged status |
|---|---|---|---|---|---|---|---|---|
| Biblioteca Escolar das Vendas | Biblioteca Escolar das Vendas | BEV2492 | 2011 | 8POR SER | Livro | Sem mensagem |
